| 000 | 02031cam a22004934i 4500 | ||
|---|---|---|---|
| 003 | PE-LiUPU | ||
| 005 | 20250731172835.0 | ||
| 008 | 150825s2011 xxu r 000 0 eng d | ||
| 020 | _a9780310290667 | ||
| 035 | _a(Sirsi) i9780310290667 | ||
| 040 |
_aPE-LiUPU _bspa _cPE-LiUPU _erda |
||
| 049 | _aPRUA | ||
| 082 | 0 | 4 |
_a248 _bD6 _222 |
| 245 | 0 | 0 |
_aDictionary of Christian spirituality / _cgeneral editor, Glen G. Scorgie ; consulting editors: Simon Chan, Gordon T. Smith, James D. Smith III. |
| 264 | 1 |
_aGrand Rapids : _bZondervan, _c[2011]. |
|
| 300 |
_aii, 852 páginas ; _c24 centímetros |
||
| 336 |
_atext _2rdacontent |
||
| 337 |
_aunmediated _2rdamedia |
||
| 338 |
_avolume _2rdacarrier |
||
| 505 | 0 | _aIntroduction -- The world of the Old Testament -- The text of the Old Testament -- Approaches to the study of the Old Testament -- The Pentateuch -- The historical books -- The prophetic books -- The poetic books -- Epilogue -- Maps. | |
| 526 | _aSEG42 | ||
| 526 | _aSEG41 | ||
| 526 | _aSEG40 | ||
| 526 | _aSEG39 | ||
| 526 | _aP94 | ||
| 526 | _aP87 | ||
| 526 | _aP86 | ||
| 526 | _aP85 | ||
| 526 | _aP77 | ||
| 526 | _aP76 | ||
| 526 | _aP35 | ||
| 650 | 4 | _aEspiritualidad cristiana. | |
| 700 | 1 |
_aChan, Simon, _eeditor consultor. |
|
| 700 | 1 |
_aScorgie, Glen G., _eeditor general. |
|
| 700 | 1 |
_aSmith, Gordon T., _eeditor consultor. |
|
| 700 | 1 |
_aSmith, James D., _eeditor consultor. |
|
| 910 |
_acce _bjvq _ccce _d20150825 |
||
| 942 |
_2ddc _cBOOK |
||
| 949 |
_aPGT 248 D6 _wDEWEY _c1 _i71483 _lCCODEBUL1 _mBUL _p31.00 _r0 _sY _tBOOK _u2015-8-25 _xTEOLOGIA _PP85 _0COMPRA _o.CIRCNOTE. No olvidar cambiar la fecha de devolución!!!!!!! _o.STAFF. Posgrado |
||
| 994 |
_aC0 _bPEPRU |
||
| 596 | _a1 | ||
| 999 |
_aPGT 248 D6 _wDEWEY _c6961 _i71483 _d6961 _f2021-11-10 _g5 _lCCODEBUL1 _mBUL _p31.00 _q2 _r0 _sY _tBOOK _u2015-8-25 _xTEOLOGIA _PP85 _0COMPRA _o.CIRCNOTE. No olvidar cambiar la fecha de devolución!!!!!!! _o.STAFF. Posgrado |
||
| 980 |
_81 _gALBERTO SANCHEZ Responsable de Automatización |
||